• 首页
  • 本馆介绍
  • 公告通知
  • 最新文献
  • 馆藏检索
  • 电子资源
  • 读者导购
  • 参考咨询
  • 我的图书馆
  • 登录
  • 详细信息显示
  • 放入我的书架
  • 预约/预借图书
  • 作者相关作品
  • 分类相关作品
  • 丛书相关作品
  • 出版社相关作品

书目信息

  • 表格格式
  • 工作单格式
  • 卡片格式
题名:
马克思主义哲学基本原理
    
 
作者: ;北京师范大学十一所高等院校哲学教材编写组 编
分册:  
出版信息: 沈阳   辽宁人民出版社  1980
页数: 310页
开本: 21cm
丛书名:
单 册:
中图分类: B0-0 , B0
科图分类:
主题词: 哲学理论
电子资源:
ISBN:
000 00734nam0 2200229 450
001 1562119921
005 20150124171541.56
010    @dCNY1.30
091    @a2090.43
100    @a19950626d1980 em y0chiy0110 ea
101 0  @achi
102    @aCN@b210000
105    @ay z 000yy
200 1  @a马克思主义哲学基本原理@9ma ke si zhu yi zhe xue ji ben yuan li@f北京师范大学等十一所高等院校哲学教材编写组编
210    @a沈阳@c辽宁人民出版社@d1980
215    @a310页@d21cm
606 0  @a哲学理论
690    @aB0-0@v5
690    @aB0@v4
711 02 @a北京师范大学十一所高等院校哲学教材编写组@9bei jing shi fan da xue shi yi suo gao deng yuan xiao zhe xue jiao cai bian xie zu@4编
801  0 @aCN@bTSSF@c20150124
905    @aZUCC@dB0@eJY6
    
    马克思主义哲学基本原理/北京师范大学等十一所高等院校哲学教材编写组编.-沈阳:辽宁人民出版社,1980
    310页;21cm
    
    
    ISBN :CNY1.30
    
●
相关链接 在E读中查询图书 在五车中查询图书 在当当中查询图书 在豆瓣中查询图书


正题名:马克思主义哲学基本原理     索取号:B0/JY6         预约/预借

序号 登录号 条形码 馆藏地/架位号 状态 备注
1 7856923   278569238   学院路分馆/ [索取号:B0/JY6] 在馆    
唐山师范学院图书馆 欢迎您!
大连网信软件有限公司© 版权所有